| 000 | 00489nam a2200133 a 4500 | ||
|---|---|---|---|
| 008 | 080109s1963 ||||||||||||||||| || u | ||
| 050 | _aTK 431 Hew | ||
| 100 | _aHewitt, T. H | ||
| 245 | 1 | 0 | _aElectrical Drawing for national certificate students |
| 260 |
_aLondon _bCleaver-Hume Press _c1963 |
||
| 300 | _a(viii), 167p. : ill. | ||
| 350 | _a0.00 | ||
| 995 |
_D0.00 _FCBU-MAIN LIBRARY (Kitwe) _H2 _I3.65 _UDAMAGED _ZMain Library Open Access Collection |
||
| 999 |
_c41456 _d41456 |
||